Hidraulica : nivel b sico TP 501 manual de estudio (Registro nro. 18413)
[ vista simple ]
| 000 -LÍDER | |
|---|---|
| fixed length control field | 00484nam a2200157 4500 |
| 008 - ELEMENTOS DE LONGITUD FIJA -- INFORMACIÓN GENERAL | |
| fixed length control field | 01989 0a 000 0ESP |
| 020 ## - NÚMERO INTERNACIONAL NORMALIZADO PARA LIBROS | |
| ISBN | 3-8127-3287-4 |
| 050 ## - SIGNATURA TOPOGRAFICA DE LA BIBLIOTECA DEL CONGRESO (LC) | |
| Número de Clasificación | TC164 F4 1989 |
| 082 ## - NUMERO DE CLASIFICACION DECIMAL DEWEY | |
| Número de Clasificación | 621.502.02 F567h |
| 110 ## - ASIENTO PRINCIPAL--NOMBRE CORPORATIVO | |
| Nombre corporativo o de jurisdicción como elemento de entrada | Festo Didactic |
| 245 ## - TÍTULO | |
| Título | Hidraulica : nivel b sico TP 501 manual de estudio |
| 260 ## - PUBLICACIÓN, DISTRIBUCIÓN, ETC. (PIE DE IMPRENTA) | |
| Lugar de publicación, distribución, etc. | Esapaña : Festo Didactic |
| 300 ## - DESCRIPCIÓN FÍSICA | |
| Extensión | 407 p. / 30 cm. |
| 440 ## - | |
| -- | Sistema para enseñanza de la técnica de automatización. |
| 650 ## - ASIENTO SECUNDARIO DE MATERIA - TERMINO TEMÁTICO | |
| Término temático o nombre geográfico como elemento de entrada | 1.HIDRAULICA |
| No. biblioteca | No. biblioteca | Número de clasificación | Código de barras/Número de adquisición | Número de copia | Tipo de material |
|---|---|---|---|---|---|
| LUIS G. INCLAN | LUIS G. INCLAN | 621.502.02 F567h | 29893 | 1 | Libros |
| LUIS G. INCLAN | LUIS G. INCLAN | 621.502.02 F567h | 29894 | 2 | Libros |
